00353nam a2200121Ia 45000030006000000080041000060400015000471000041000622450066001032600033001695460012002020050017002140STCL150530s9999 xx 000 0 und d aSTCLcSTCL aBlake William; Chakravarti, K.S.; Ed aSongs of innocence songs of experience and everlasting gospel bLakshmi Narain Agarwalc1970 aEnglish20220125170919.0